1068 1231 1737 1320 1038 1171 1558 1006 1875 1482 1715 1720 1632 1245 1965 1922 1235 1318 1480 1678 1803 1048 1122 1789 1701 1932 1889 1290 1264 1915 1243 1260 1991 1450 1216 1989 1977 1380 1091 1096 1438 1207 1680 1847 1032 1171 1598 1753 1009 1058 1330 1245 1084 1405 1794 1968 1528 1559 1672 1151 1166 1981 1755 1354 1937 1991 1460 1572 1862 1720 1478 1887 1862 1214 1851 1238 1689 1783 1952 1207 1549 1153 1434 1553 1703 1951 1960 1187 1284 1354 1767 1153 1811 1898 1072 1649 1302 1632 1529 BCNSPRNW ULIB Ver.6.0+V

เปลี่ยนเป็นภาษาไทย

Change to English
 แสดงรายละเอียดบรรณานุกรม
  กลับหน้าหลัก

Brief Record : Get Marc (ISO 2709) : E-mail record : QR code < ปิดหน้าต่าง
LEADER : 00000nam 2200000uu 4500
001    13399107951
003     ULIB
008    110211s||||||||th 000 0 tha d
020    9789744990495
060  4 WJ300^bธ262H 2551
100 0  ธนิต จิรนันท์ธวัช
245 00 Highlight in nephrology for internist/^cบรรณาธิการ,ธนิต จิรนันท์ธวัช และคณะ
250    พิมพ์ครั้งที่ 1
260    กรุงเทพฯ:^bบริษัท เท็กซ์ แอนด์ เจอร์นัล พับลิเคชั่น จำกัด,^c2551
300    309 หน้า:^bภาพประกอบ
650  7 โรคไต
650  7 ธนิต จิรนันท์ธวัช
945    ^p350^l0^i025615
945    ^p350^l0^i025614
945    ^p350^l0^i025613
995    ทศพร
999 ^a ใช้งานได้ทุกระบบ
รายการนี้ยังไม่มีแท็ก
คุณยังไม่ได้ล็อกอิน คุณสามารถมีกิจกรรมร่วมกับเว็บไซต์ได้ แต่ต้องล็อกอินก่อน ::
  ล็อกอิน

รายการสื่อสารสนเทศ

ลำดับที่ ประเภท เลขเรียก/บาร์โค้ด สถานที่ สถานะ
- ไม่พบข้อมูล -

รายการใกล้เคียง
    ผู้แต่ง [ธนิต จิรนันท์ธวัช]

    หัวเรื่อง [โรคไต]
    หัวเรื่อง [ธนิต จิรนันท์ธวัช]

BibComment


ยังไม่เคยถูกคอมเมนท์

คอมเมนท์ทรัพยากรรายการนี้
  คอมเมนท์: Highlight in neph..


 Copyright 2026. Bcnsprnw @Library